Einzelne Wörter - Sudden Death - Statistiken

Allgemein
  • Dieses Quiz wurde 463 mal gespielt
  • Das Durchschnittsergebnis liegt bei 7 aus 12
Answers on the Grid
Answers color-coded by a green-red scale on the quiz's grid according to % correct below.
Birne
Apfel
Apfel
Traube
Mango
Ananas
Ananas
Tomate
Kiwi
Glühbirne
Glühbirne
Steckdose
Erdbeere
Zug
Zug
JetPunk
JetPunk
Quiz
Quiz
Stuhl
Tisch
Lampe
Licht
Licht
Berg
Geld
Topfpflanze
Topfpflanze
Puzzle
Puzzle
 
Antwortstatistiken
Antwort % Korrekt
Kiwi
62%
Berg
57%
Geld
57%
Stuhl
56%
Traube
56%
Tisch
55%
Erdbeere
54%
Mango
54%
Tomate
54%
Birne
53%
Lampe
53%
Steckdose
53%
Keine übereinstimmenden Quizze gefunden
Verteilung der Resultate
Anzahl Personen mit jedem Resultat
Perzentil nach korrekt beantworteten Fragen
Ihre Resultats-Entwicklung
Sie haben dieses Quiz noch nicht gespielt